000 01906 a2200469 4500
001 17212266
003 20260127161346.0
005 20260127163055.0
008 120416c20109999lauqx p o | a0eng
010 _a 2012203017
022 0 _a2167-1710
_21
035 _a(OCoLC)785822262
037 _bTrans-Atlantic Management Consultants, 2580 Fairham Drive, Baton Rouge, LA 70816
_c$20.00 (single issue)
040 _aDLC
_beng
_cDLC
_dDLC
_dOCLCQ
_dOCLCF
_dOCLCO
_dOCLCQ
_dDLC
_dOCLCL
_erda
042 _apcc
_ansdp
050 0 0 _aT58.5 .C66/
082 1 0 _a004
_214
210 0 _aComput. inf. syst. dev. inform. j.
222 0 _aComputing, information systems & development informatics journal
245 0 0 _aComputing, information systems & development informatics & Allied Research Journal
246 1 _aComputing, information systems and development informatics journal
246 1 _aComputing, information systems & development informatics
260 _32024
_aBaton Rouge, LA :
_bTrans-Atlantic Management Consultants
260 2 _32024
_aIbadan, Nigeria :
_bFreedom Publishers
264 _aIbadan, Nigeria :
_bFreedom Publishers
_c2024
300 _b92 p. :ill. 30 cm
310 _aFour times a year
336 _atext
_btxt
_2rdacontent
337 _acomputer
_bc
_2rdamedia
338 _aonline resource
_bcr
_2rdacarrier
362 1 _aBegan with vol. 15, No. 1
650 0 _aComputer science
_vPeriodicals.
650 0 _aInformation technology
_vPeriodicals.
650 7 _aComputer science.
_2fast
_0(OCoLC)fst00872451
650 7 _aInformation technology.
_2fast
_0(OCoLC)fst00973089
655 7 _aPeriodicals.
_2fast
_0(OCoLC)fst01411641
710 2 _aTrans-Atlantic Management Consultants.
906 _a7
_bcbc
_cserorig
_d2
_encip
_f20
_gn-oclcserc
942 _2lcc
_cSERIAL
999 _c44067
_d44067